European Countries With the Most Youth - 2100 - Statistics

General Stats
  • This quiz has been taken 24 times
  • The average score is 8 of 11
Answer Stats
% of Population between 0-14 in 2100 Country % Correct
14.1% France
96%
13.4% United Kingdom
96%
13.1% Sweden
92%
13.6% Germany
83%
13.3% Netherlands
83%
13.7% Denmark
75%
13.7% Portugal
75%
13.1% Czechia
71%
13.4% Switzerland
71%
13.4% Hungary
54%
13.1% Moldova
46%
No matching quizzes found
Score Distribution
Percent of People with Each Score
Percentile by Number Answered
Your Score History
You have not taken this quiz